Statistics for Country Flags Quiz #2

Click here to take the quiz!

General Stats

  • This quiz has been taken 372,838 times
    (372,726 since last reset)
  • The average score is 15 of 20

Answer Stats

Answer% Correct
Germany
97%
South Korea
94%
Spain
93%
Switzerland
93%
Argentina
88%
Finland
88%
Turkey
86%
India
85%
Denmark
81%
Saudi Arabia
76%
Cyprus
71%
Ukraine
71%
Iceland
70%
Chile
69%
Austria
68%
Vietnam
66%
Uruguay
64%
Thailand
61%
Cambodia
57%
Taiwan
45%

Score Distribution

Percentile by Number Answered

Percent of People with Each Score

Your Score History

You have not taken this quiz since the last reset